[Event "Mittelfranken-chTB2a 1819"]
[Site "Mittelfranken"]
[Date "2019.03.03"]
[Round "6.6"]
[White "Auth, Bernhard"]
[Black "Teslof, Rihart"]
[Result "1/2-1/2"]
[WhiteElo "1717"]
[BlackElo "1718"]
[PlyCount "90"]
[EventDate "2018.10.14"]
[EventType "team-tourn"]
[EventRounds "9"]
[EventCountry "GER"]
[SourceTitle "EXT 2022"]
[Source "ChessBase"]
[SourceDate "2021.10.06"]
[SourceVersion "1"]
[SourceVersionDate "2021.10.06"]
[SourceQuality "1"]
[WhiteTeam "Ansbach/Bad Windsheim"]
[BlackTeam "Fuerth SF"]
[WhiteTeamCountry "GER"]
[BlackTeamCountry "GER"]

1. d4 d5 2. Nf3 g6 3. g3 Bg7 4. Bg2 Nc6 5. 0-0 Nf6 6. Re1 0-0 7. c3 Re8 8. Nbd2 e5 9. dxe5 Nxe5 10. Nxe5 Rxe5 11. Nf3 Re8 12. Bg5 c6 13. Qc1 Qb6 14. Be3 Qd8 15. Bd4 b6 16. b4 Ba6 17. Bf1 Rc8 18. Qa3 Bc4 19. Nd2 Qd7 20. Nxc4 dxc4 21. Rad1 Qb7 22. Bg2 a6 23. Qc1 b5 24. e4 Nd7 25. Bxg7 Kxg7 26. Bh3 Rc7 27. Qd2 Ne5 28. Qd4 f6 29. Re3 Ree7 30. f4 Red7 31. Bxd7 Rxd7 32. fxe5 Rxd4 33. exf6+ Kxf6 34. cxd4 Qb6 35. Rf3+ Ke6 36. Kg2 a5 37. d5+ cxd5 38. exd5+ Kd7 39. d6 Qc6 40. Kf2 c3 41. Rf7+ Kd8 42. d7 Qb6+ 43. Kg2 Qc6+ 44. Kg1 Qb6+ 45. Kg2 Qc6+ 1/2-1/2

[Event "Mittelfranken-chTB2a 1819"]
[Site "Mittelfranken"]
[Date "2018.11.04"]
[Round "2.6"]
[White "Lunz, Dieter"]
[Black "Teslof, Rihart"]
[Result "1-0"]
[WhiteElo "1833"]
[BlackElo "1718"]
[PlyCount "79"]
[EventDate "2018.10.14"]
[EventType "team-tourn"]
[EventRounds "9"]
[EventCountry "GER"]
[SourceTitle "EXT 2022"]
[Source "ChessBase"]
[SourceDate "2021.10.06"]
[SourceVersion "1"]
[SourceVersionDate "2021.10.06"]
[SourceQuality "1"]
[WhiteTeam "Heilsbronn"]
[BlackTeam "Fuerth SF"]
[WhiteTeamCountry "GER"]
[BlackTeamCountry "GER"]

1. e4 e5 2. Nf3 Nc6 3. Bb5 d6 4. c3 Bd7 5. 0-0 Nf6 6. Qe2 Be7 7. d4 exd4 8. cxd4 0-0 9. Nc3 Bg4 10. Rd1 a6 11. Ba4 Nd7 12. Bf4 Nb6 13. Bb3 Na5 14. Bc2 Nc6 15. e5 Bh5 16. d5 Nxe5 17. Bxe5 dxe5 18. Qxe5 Bg6 19. Bxg6 hxg6 20. Ne4 Nc4 21. Qg3 Nd6 22. Nxd6 Qxd6 23. Qg4 Rad8 24. Rd3 f5 25. Qc4 b5 26. Qc2 c5 27. Re1 Bf6 28. Re6 Qf4 29. g3 Qb4 30. Rxa6 Qxb2 31. Qxb2 Bxb2 32. Rb3 Bf6 33. Rxb5 Rxd5 34. Rc6 Rd3 35. Kg2 Ra3 36. Rbxc5 Rxa2 37. Ne5 Re8 38. Nxg6 Ree2 39. Rxf5 Bd4 40. Rf8+ 1-0

[Event "Mittelfranken-chTB1 1617"]
[Site "Mittelfranken"]
[Date "2017.03.26"]
[Round "8.8"]
[White "Teslof, Rihart"]
[Black "Sikorsky, Reinhard"]
[Result "1/2-1/2"]
[WhiteElo "1753"]
[BlackElo "1552"]
[PlyCount "49"]
[EventDate "2016.10.23"]
[EventType "team-tourn"]
[EventRounds "9"]
[EventCountry "GER"]
[SourceTitle "EXT 2022"]
[Source "ChessBase"]
[SourceDate "2021.10.06"]
[SourceVersion "1"]
[SourceVersionDate "2021.10.06"]
[SourceQuality "1"]
[WhiteTeam "Fuerth SF"]
[BlackTeam "Gunzenhausen"]
[WhiteTeamCountry "GER"]
[BlackTeamCountry "GER"]

1. c4 e5 2. e3 Nf6 3. Nf3 Nc6 4. d4 exd4 5. Nxd4 Nxd4 6. Qxd4 Be7 7. Bd3 0-0 8. 0-0 d5 9. Rd1 dxc4 10. Qxc4 Be6 11. Qc2 Qc8 12. Nc3 c6 13. Ne4 Nxe4 14. Bxe4 h6 15. b3 Bf6 16. Rb1 Rd8 17. Ba3 Qc7 18. b4 Rxd1+ 19. Rxd1 Rd8 20. Rxd8+ Qxd8 21. g3 Qb6 22. Bh7+ Kh8 23. Bf5 Bxf5 24. Qxf5 Qa6 25. Qc8+ 1/2-1/2

[Event "Regionalliga NO 1011"]
[Site "Bayern"]
[Date "2011.02.06"]
[Round "6.7"]
[White "Fiedler, Wolfgang"]
[Black "Teslof, Rihart"]
[Result "1-0"]
[WhiteElo "1997"]
[BlackElo "1831"]
[PlyCount "85"]
[EventDate "2010.10.10"]
[EventType "team-tourn"]
[EventRounds "9"]
[EventCountry "GER"]
[SourceTitle "EXT 2012"]
[Source "ChessBase"]
[SourceDate "2011.11.24"]
[SourceVersion "1"]
[SourceVersionDate "2011.11.24"]
[SourceQuality "1"]
[WhiteTeam "Forchheim II"]
[BlackTeam "Fuerth"]
[WhiteTeamCountry "GER"]
[BlackTeamCountry "GER"]

1. Nf3 c6 2. c4 d5 3. e3 Nf6 4. d4 Bf5 5. Nc3 Ne4 6. Nxe4 Bxe4 7. Bd3 Bxd3 8. Qxd3 e6 9. 0-0 Bd6 10. e4 dxc4 11. Qxc4 Nd7 12. Bg5 Be7 13. Bf4 Nb6 14. Qe2 Bd6 15. Be3 0-0 16. Rfd1 Re8 17. Rac1 Rc8 18. g3 Qe7 19. Qc2 Qf6 20. Kg2 e5 21. dxe5 Bxe5 22. Bxb6 axb6 23. Rd7 Rb8 24. b3 Re7 25. Rcd1 g6 26. Rxe7 Qxe7 27. Nxe5 Qxe5 28. f4 Qe6 29. e5 Kf8 30. Rd6 Qe7 31. Qd3 Ke8 32. Qd4 Rd8 33. Rxd8+ Qxd8 34. Qxd8+ Kxd8 35. Kf3 Ke7 36. Ke4 b5 37. g4 f6 38. h4 b6 39. f5 fxe5 40. fxg6 hxg6 41. Kxe5 Kf7 42. Kd6 Kf6 43. Kxc6 1-0

[Event "Mittelfrankenliga-B1 0607"]
[Site "Mittelfranken"]
[Date "2007.01.14"]
[Round "4.7"]
[White "Goetz, Dieter"]
[Black "Teslof, Rihart"]
[Result "1-0"]
[WhiteElo "2068"]
[BlackElo "1761"]
[PlyCount "51"]
[EventDate "2006.10.22"]
[EventType "team-tourn"]
[EventRounds "9"]
[EventCountry "GER"]
[SourceTitle "EXT 2011"]
[Source "ChessBase"]
[SourceDate "2010.11.26"]
[SourceVersion "1"]
[SourceVersionDate "2010.11.26"]
[SourceQuality "1"]
[WhiteTeam "Nuernberg SK 1911"]
[BlackTeam "Fuerth SZ"]
[WhiteTeamCountry "GER"]
[BlackTeamCountry "GER"]

1. c4 c5 2. Nc3 b6 3. e4 Bb7 4. d3 Nc6 5. g3 e5 6. Bg2 Nf6 7. Nge2 Be7 8. 0-0 h5 9. h3 Nd4 10. f4 d6 11. Be3 Qd7 12. Rc1 a6 13. fxe5 dxe5 14. Nd5 Nxd5 15. cxd5 Qb5 16. Bxd4 cxd4 17. Rc7 Bc8 18. Qc2 Bd7 19. b3 Qa5 20. Rxd7 Qb4 21. Qc6 0-0 22. Qc4 Qd2 23. Rxe7 Qxe2 24. d6 Rac8 25. Rc7 Rcd8 26. Rfxf7 1-0